| 000 | 00387nam a2200109Ia 4500 | ||
|---|---|---|---|
| 008 | 220216s9999 xx 000 0 und d | ||
| 100 | _aFrancis R A | ||
| 245 | 0 | _aCut the cost out of compounding | |
| 260 | _bInternational Conference and Exhibition on Rubber and Allied Materials Asia Rub Tech Expo 2002. 28-30 November 2002, New Delhi. pp.416-422. | ||
| 650 | _aCompounding | ||
| 942 | _cJS | ||
| 999 |
_c56682 _d56682 |
||